000
00302nam a2200133Ia 4500
005
20251222152045.0
008
251222s9999||||xx |||||||||||||| ||spa||
020
_a
9789972050664
082
_a
289.8/B45
100
_a
"Benedicto XVI, Papa"
245
0
_a
Spe Salvi
264
_b
INDECOPI
942
_c
LIB
999
_c
26200
_d
26200